Economic evaluation of Wetlands : A survey
保存先:
| 第一著者: | |
|---|---|
| フォーマット: | 図書 |
| 言語: | Undetermined |
| 出版事項: |
Sweden
Beijer Discusion Paper
1994
|
| タグ: |
タグ追加
タグなし, このレコードへの初めてのタグを付けませんか!
|
| Thư viện lưu trữ: | Trung tâm Học liệu Trường Đại học Cần Thơ |
|---|
| LEADER | 00486nam a2200181Ia 4500 | ||
|---|---|---|---|
| 001 | CTU_160627 | ||
| 008 | 210402s9999 xx 000 0 und d | ||
| 082 | |a 338 | ||
| 082 | |b G826 | ||
| 100 | |a Gren, Ing-Marie | ||
| 245 | 0 | |a Economic evaluation of Wetlands : | |
| 245 | 2 | |b A survey | |
| 245 | 0 | |c Ing-Marie Gren, Tore Soderqvist | |
| 260 | |a Sweden | ||
| 260 | |b Beijer Discusion Paper | ||
| 260 | |c 1994 | ||
| 904 | |i Giang | ||
| 980 | |a Trung tâm Học liệu Trường Đại học Cần Thơ | ||